Sehenswürdigkeiten in deutschen Städten - Statistiken

Allgemein
  • Dieses Quiz wurde 110 mal gespielt
  • Das Durchschnittsergebnis liegt bei 8 aus 12
Antwortstatistiken
Bildquiz Antwort % Korrekt
Berlin
98%
Köln
97%
Bremen
93%
Hamburg
91%
Frankfurt
87%
München
76%
Lübeck
64%
Heidelberg
53%
Potsdam
51%
Hannover
22%
Regensburg
16%
Augsburg
13%
Keine übereinstimmenden Quizze gefunden
Verteilung der Resultate
Anzahl Personen mit jedem Resultat
Perzentil nach korrekt beantworteten Fragen
Ihre Resultats-Entwicklung
Sie haben dieses Quiz noch nicht gespielt